000
00327nam a22001337a 4500
008
170613b xxu||||| |||| 00| 0 eng d
020
_a
9780691025612
041
_a
eng
080
_a
94(7/8(
100
_a
19
101
_a
SHH
245
_a
WHIRLPOL U.S FOREIGN POLICY LOWARD LATIN AMERICA
_c
PASTOR.R.A
942
_2
udc
_c
BK
999
_c
17239
_d
17239